Lucifer Character Quiz - Statistics

General Stats
  • This quiz has been taken 1,377 times
  • The average score is 9 of 13
Answer Stats
Hint Answer % Correct
devil lucifer
100%
detective chloe
94%
demon maze
91%
douche dan
89%
kid trixie
83%
doctor linda
82%
angel amenadiel
80%
godess charlotte
70%
pierce cain
58%
god god
52%
angel uriel
42%
brother abel
20%
mum penelope
12%
No matching quizzes found
Score Distribution
Percent of People with Each Score
Percentile by Number Answered
Your Score History
You have not taken this quiz